00739nam a2200217 i 4500003000900000005001700009007000300026008004100029040003000070082001300100100004100113245008600154264003900240300002900279336002700308337003400335338002800369500006300397504002800460700003300488DO-SdBNP20240619103904.0ta240619s1995 dr ac 000 j spa d aDO-SdBNPbspacBNPHUerda bV1452221 aValdez, Pedro Antonio,d1968-eautor10aHistoria del carnaval Vegano /cPedro Antonio Valdez ; prólogo Fradique Lizardo 1aSanto Domingo :bFutura RD,c2023. a181 páginas, c23 cm. 2rdacontentatextobtxt 2rdamediaasin mediación bn 2rdacarrieravolumenbnc aIncluye datos biográficos del autor en la página 186.  aBibliografía p: 69-711 aLizardo, Fradiqueeprólogo